| 000 | 00684cim a22002175a 4500 | ||
|---|---|---|---|
| 001 | L140290 | ||
| 008 | 070914s1982 xxk f 000 0 eng d | ||
| 020 | _a0854061746 | ||
| 035 | _a(Sirsi) u140290 | ||
| 041 | 0 | _aeng | |
| 050 | 0 | 4 | _a346.4104346 $2 18 |
| 100 | 1 | _aHolland, J.L. | |
| 245 | 0 | 0 |
_aLease renewals _h[sound recording] |
| 260 |
_aLondon _bRICS _c1982 |
||
| 300 |
_a1 _faudio cassette (ca. 30 min.) |
||
| 490 | 0 | _aOwlion Audio Programme | |
| 651 | 4 |
_aEngland and Wales _y1543- |
|
| 690 | _aPROPERTY-LANDLORD AND TENANT-LEASES | ||
| 856 | 4 |
_uhttps://194.154.180.3/uhtbin/cgisirsi.exe/0/0/0/1/117/X/ _zAudio Visual materials can only be used in the library. |
|
| 942 | _n0 | ||
| 999 |
_c85455 _d85455 |
||